000 00738aas a2200217 4500
999 _c3770
_d3770
003 BR-BrBNA
005 20230317233910.0
007 ta
008 230119b bl ||||| |||| 00| 0 por d
035 _a000485-5
040 _aBR-BrBNA
_bPor
_cBR-BrBNA
042 _aN
044 _abl
245 _aSérie Relatórios - Empresa de Assistência Técnica e Extensão Rural do Estado de Mato Grosso (Brazil)
260 _aCuiabá-MT
_bEmpresa de Assistência Técnica e Extensão Rural do Estado do Mato Grosso
_c1977. Data final de publicação em 1983
_eBMT
270 _aAv. B s/nº - Caixa Postal, 225 - Cep: 78.000-Cuibá-MT
310 _airregular
505 _a1977 (1); 1981 (2); 1983 (3);
909 _a56
_bSergio Santos
_c56
_dSergio Santos
942 _cCR
_2AGRIS